| 000 | 00762cab a2200277 4500 | ||
|---|---|---|---|
| 001 | ABS52022 | ||
| 008 | 090401t1994 xxu||||| |||| 00| 0 eng d | ||
| 035 | _a(Sirsi) u55114 | ||
| 041 | _aeng | ||
| 100 | _aWhite, P. | ||
| 245 | _aWater pollution | ||
| 260 | _c1994 | ||
| 350 | _a0 | ||
| 490 |
_aCountry Landowner _vDecember 1994, 18(1) |
||
| 520 | _aExamines reed bed systems, a `natural` method of water purification, as a part solution to the problems of water pollution. | ||
| 650 | _aARTIFICIAL WETLANDS | ||
| 650 | _aCONTAMINATED LAND | ||
| 650 | _aPOLLUTANTS | ||
| 650 | _aREED BED SYSTEMS | ||
| 650 | _aWATER POLLUTION | ||
| 650 | _aWATER PURIFICATION | ||
| 650 | _aWETLANDS | ||
| 690 | _aWATER | ||
| 942 | _n0 | ||
| 948 | _c04/03/1997 | ||
| 999 |
_c33693 _d33693 |
||